[Event "First Saturday 2009 september IM-A"]
[Site "Budapest"]
[Date "2009.09.11"]
[Round "7"]
[White "Turzo, Attila"]
[Black "Vegh, Endre"]
[Result "1/2-1/2"]
[WhiteElo "2314"]
[BlackElo "2296"]
[PlyCount "147"]
[EventDate "2009.09.05"]

1. d4 d5 2. Bg5 h6 3. Bh4 c6 4. Nf3 Qb6 5. Qc1 Bf5 6. e3 Nd7 7. Be2 e6 8. O-O
Be7 9. c4 dxc4 10. Bxc4 Bxh4 11. Nxh4 Bh7 12. Nc3 Ngf6 13. Nf3 O-O 14. a3 c5
15. d5 exd5 16. Bxd5 Nxd5 17. Nxd5 Qd6 18. Rd1 Rfd8 19. h3 Rac8 20. Qc4 Ne5 21.
Nxe5 Qxe5 22. a4 Be4 23. Nf4 Bc6 24. b3 b6 25. Rac1 Bb7 26. a5 Qf6 27. axb6
axb6 28. b4 Qc6 29. f3 Qf6 30. Rxd8+ Qxd8 31. bxc5 Rxc5 32. Qf1 Qd2 33. Rxc5
Qxe3+ 34. Qf2 Qxc5 35. Qxc5 bxc5 36. Nd3 c4 37. Ne5 c3 38. Kf2 Ba6 39. Ke3 Bf1
40. g3 Bxh3 41. Kd3 f6 42. Nc6 Bg2 43. Nd4 h5 44. f4 g5 45. fxg5 fxg5 46. Kxc3
Kg7 47. Kd2 Kf6 48. Ke3 Ke5 49. Nc2 Be4 50. Nd4 Bd5 51. Ne2 Kf5 52. Kf2 Kg4 53.
Ng1 Be4 54. Ne2 Bb7 55. Ng1 Bc6 56. Ne2 Ba4 57. Kg2 Bd1 58. Nd4 Ba4 59. Kf2 Bd7
60. Nf3 Bc8 61. Ne5+ Kf5 62. Nc4 Ba6 63. Ne3+ Ke4 64. Ng2 Bb7 65. Ne3 Bc6 66.
Ng2 Kd3 67. Ne3 Be4 68. Nf1 Bf5 69. Ne3 Be6 70. Kf3 Kd2 71. Kf2 Kd3 72. Kf3 Kd4
73. Nc2+ Ke5 74. Ne3 1/2-1/2

[Event "First Saturday 2009 september IM-A"]
[Site "Budapest"]
[Date "2009.09.11"]
[Round "7"]
[White "Dencsi, Tibor"]
[Black "Moskovic, David M"]
[Result "1-0"]
[WhiteElo "2338"]
[BlackElo "2307"]
[PlyCount "63"]
[EventDate "2009.09.05"]

1. d4 Nf6 2. c4 g6 3. Nc3 Bg7 4. e4 d6 5. Be2 O-O 6. Bg5 a6 7. Qd2 c5 8. d5 b5
9. cxb5 axb5 10. Bxb5 Na6 11. Nge2 Nc7 12. Bc6 Ra7 13. O-O Bb7 14. Bxb7 Rxb7
15. Rab1 Qa8 16. Bh6 Bxh6 17. Qxh6 Rfb8 18. Qd2 Rb4 19. f3 Qb7 20. b3 Nb5 21.
Nxb5 Qxb5 22. Rfc1 Nd7 23. Rc2 Ne5 24. f4 Nd3 25. Qe3 c4 26. Nd4 Qc5 27. Rd1
cxb3 28. Rxc5 bxa2 29. Ra5 Rb1 30. Qxd3 Rxd1+ 31. Qxd1 Rb1 32. Qf1 1-0

[Event "First Saturday 2009 september IM-A"]
[Site "Budapest"]
[Date "2009.09.11"]
[Round "7"]
[White "Feher, Adam"]
[Black "Farago, Sandor"]
[Result "1/2-1/2"]
[WhiteElo "2224"]
[BlackElo "2236"]
[PlyCount "78"]
[EventDate "2009.09.05"]

1. e4 c5 2. Nf3 d6 3. d4 cxd4 4. Nxd4 Nf6 5. Nc3 a6 6. Bg5 e6 7. f4 Qc7 8. Bxf6
gxf6 9. Be2 Nc6 10. Nb3 Qb6 11. Qd2 h5 12. Rf1 Bd7 13. O-O-O O-O-O 14. Kb1 Be7
15. Rf3 Kb8 16. Bf1 Bc8 17. a3 d5 18. exd5 exd5 19. Rd3 d4 20. Nxd4 Nxd4 21.
Rxd4 Bg4 22. Be2 Rxd4 23. Qxd4 Bc5 24. Qa4 Qe6 25. Ne4 Be7 26. Bf3 Bf5 27. Ng3
Bg4 28. f5 Qb6 29. Rd7 Bxf3 30. gxf3 Bd6 31. Qb3 Qxb3 32. cxb3 Be5 33. Rd2 h4
34. Ne4 h3 35. Rf2 Rh4 36. Kc2 Rf4 37. Ng3 Rh4 38. Ne4 Rf4 39. Ng3 Rh4 1/2-1/2

[Event "First Saturday 2009 september IM-A"]
[Site "Budapest"]
[Date "2009.09.12"]
[Round "8"]
[White "Moskovic, David M"]
[Black "Feher, Adam"]
[Result "1/2-1/2"]
[WhiteElo "2307"]
[BlackElo "2224"]
[PlyCount "89"]
[EventDate "2009.09.05"]

1. e4 c6 2. d4 d5 3. e5 Bf5 4. Nf3 e6 5. Be2 Nd7 6. O-O Ne7 7. Nh4 c5 8. c3 Be4
9. Nd2 Nc6 10. g3 Be7 11. Nxe4 dxe4 12. Ng2 Qb6 13. d5 Ncxe5 14. Nf4 exd5 15.
Nxd5 Qd6 16. Bf4 O-O 17. Nxe7+ Qxe7 18. Qd5 Rfe8 19. Qxe4 Nf6 20. Qg2 Ng6 21.
Be3 Rad8 22. Bb5 Rf8 23. Rfe1 a6 24. Bg5 Qd6 25. Ba4 b5 26. Rad1 Qb6 27. Rxd8
Rxd8 28. Bc2 h6 29. Be3 Ng4 30. Bc1 c4 31. h4 N6e5 32. Be3 Nxe3 33. Rxe3 Nd3
34. Qe4 Qd6 35. b3 Qa3 36. Bxd3 cxd3 37. Rxd3 Rxd3 38. Qxd3 Qxa2 39. c4 bxc4
40. bxc4 Qa1+ 41. Kg2 Qe5 42. Qd8+ Kh7 43. Qa8 a5 44. Qc6 h5 45. c5 1/2-1/2

[Event "First Saturday 2009 september IM-A"]
[Site "Budapest"]
[Date "2009.09.12"]
[Round "8"]
[White "Vegh, Endre"]
[Black "Dencsi, Tibor"]
[Result "1-0"]
[WhiteElo "2296"]
[BlackElo "2338"]
[PlyCount "67"]
[EventDate "2009.09.05"]

1. d4 Nf6 2. c4 c5 3. d5 e6 4. Nc3 exd5 5. cxd5 Bd6 6. Nf3 O-O 7. Bg5 Re8 8. e3
Bc7 9. d6 Ba5 10. Bc4 Bxc3+ 11. bxc3 Nc6 12. O-O h6 13. Bh4 b6 14. Qc2 Na5 15.
Bd5 Bb7 16. Rad1 Bxd5 17. Rxd5 Re6 18. Rfd1 Qf8 19. Bxf6 Rxf6 20. Ne5 Rd8 21.
Qa4 Qe8 22. Qh4 Re6 23. Ng4 Nc6 24. Kh1 Kh7 25. f4 Re4 26. Rh5 Qe6 27. f5 Rxg4
28. Qxg4 Qxe3 29. f6 g6 30. Rh3 Qe5 31. Qh4 h5 32. Re1 Qxd6 33. Qg5 Qf8 34. Re7
1-0

[Event "First Saturday 2009 september IM-A"]
[Site "Budapest"]
[Date "2009.09.12"]
[Round "8"]
[White "Erdei, Andras"]
[Black "Nguyen, Thi Mai Hung"]
[Result "1/2-1/2"]
[WhiteElo "2132"]
[BlackElo "2213"]
[PlyCount "82"]
[EventDate "2009.09.05"]

1. e4 c5 2. Nc3 Nc6 3. g3 g6 4. Bg2 Bg7 5. d3 d6 6. Be3 Nf6 7. f4 Ng4 8. Bd2
Bd4 9. Nh3 Ne3 10. Bxe3 Bxe3 11. Nd5 Bd4 12. c3 Bg7 13. O-O e6 14. Ne3 O-O 15.
g4 f5 16. exf5 exf5 17. Bd5+ Kh8 18. gxf5 h6 19. Qf3 gxf5 20. Kh1 Rb8 21. Ng5
Qf6 22. Qh5 Bd7 23. Nf7+ Kh7 24. Rg1 Ne7 25. Rg2 Rxf7 26. Qxf7 Qxf7 27. Bxf7
Bc6 28. Re1 Rf8 29. Bh5 Bf6 30. Kg1 Bxg2 31. Nxg2 Kg7 32. Re6 Rd8 33. Kf2 d5
34. a4 d4 35. c4 Nc6 36. Ke1 Nb4 37. Kd2 Rd7 38. Ke2 Re7 39. Rxe7+ Bxe7 40. Bf3
b6 41. Bb7 Kf6 1/2-1/2

[Event "First Saturday 2009 september IM-A"]
[Site "Budapest"]
[Date "2009.09.12"]
[Round "8"]
[White "Lyell, Mark"]
[Black "Stoenescu, Radu"]
[Result "1/2-1/2"]
[WhiteElo "2217"]
[BlackElo "2175"]
[PlyCount "62"]
[EventDate "2009.09.05"]

1. e4 c5 2. Nc3 e6 3. f4 a6 4. g3 Nc6 5. Bg2 Nge7 6. Nf3 d5 7. d3 b5 8. O-O d4
9. Ne2 h5 10. f5 e5 11. Nh4 Ng8 12. c3 Be7 13. Nf3 h4 14. cxd4 cxd4 15. Bd2 h3
16. Bh1 Nh6 17. Rc1 Bb7 18. Rxc6 Bxc6 19. Nxe5 Bb7 20. Bxh6 Rxh6 21. Qb3 Rf6
22. Nf4 Qc7 23. Ng4 Rb6 24. Nh5 Bf8 25. f6 g6 26. Ng7+ Kd8 27. Nh6 Rxf6 28.
Rxf6 Qc1+ 29. Rf1 Qxh6 30. Qxf7 Qe3+ 31. Rf2 Qe1+ 1/2-1/2

[Event "First Saturday 2009 september IM-A"]
[Site "Budapest"]
[Date "2009.09.12"]
[Round "8"]
[White "Gruenhagen, Marc"]
[Black "Lengyel, Bela"]
[Result "1-0"]
[WhiteElo "2113"]
[BlackElo "2251"]
[PlyCount "129"]
[EventDate "2009.09.05"]

1. d4 d5 2. c4 c6 3. Nf3 Nf6 4. e3 Bf5 5. Nc3 e6 6. Nh4 Be4 7. Qb3 Qc7 8. Bd2
Nbd7 9. Rc1 Rc8 10. cxd5 exd5 11. Be2 Qb6 12. Qxb6 Nxb6 13. f3 Bg6 14. Nxg6
hxg6 15. e4 Be7 16. e5 Nh5 17. Kf2 g5 18. g3 g6 19. Nd1 Ng7 20. b4 Ne6 21. Ke3
f5 22. exf6 Bxf6 23. Bc3 Kf7 24. Kd3 Nc4 25. Nf2 Rce8 26. Rce1 Nc7 27. Ng4 Nb5
28. Bd1 Nxc3 29. Kxc3 Rxe1 30. Rxe1 Nd6 31. Nxf6 Kxf6 32. Re2 Ra8 33. a4 a5 34.
Bc2 axb4+ 35. Kxb4 b6 36. Bxg6 Rc8 37. Bc2 c5+ 38. dxc5 bxc5+ 39. Kc3 d4+ 40.
Kd2 Nc4+ 41. Kc1 Rd8 42. Re4 Nd6 43. Re1 c4 44. Rd1 Nb7 45. Be4 Nc5 46. a5 Nb3+
47. Kb2 Nxa5 48. Ka3 Nb3 49. Kb4 Rc8 50. Bd5 Nd2 51. Rxd2 c3 52. Rc2 Ke5 53.
Be4 g4 54. Re2 gxf3 55. Bxf3+ Kd6 56. Be4 Re8 57. Kb3 Kc5 58. Kc2 Rf8 59. Kd3
Rf1 60. g4 Rd1+ 61. Kc2 Rg1 62. Rg2 Re1 63. Kd3 Rd1+ 64. Kc2 Re1 65. Bf5 1-0